Síndrome metabólico en trabajadores de la Corporación Universitaria Rafael Núñez sede Cartagena (Colombia). 2021 / (Registro nro. 4071)

Detalles MARC
000 -LEADER
fixed length control field 01774nam a2200301 i 4500
005 - DATE AND TIME OF LATEST TRANSACTION
control field 20250329165435.0
007 - PHYSICAL DESCRIPTION FIXED FIELD--GENERAL INFORMATION
fixed length control field ta
008 - FIXED-LENGTH DATA ELEMENTS--GENERAL INFORMATION
fixed length control field 190415s2021 000 0 eng d
040 ## - CATALOGING SOURCE
Original cataloging agency CO-CtgCURN
Language of cataloging spa
Transcribing agency coctgcurn
Description conventions rda
082 0# - DEWEY DECIMAL CLASSIFICATION NUMBER
Classification number ENF 2021
Item number E747
100 1# - MAIN ENTRY--PERSONAL NAME
Personal name Escorcia Montero, Daniela Patricia,
Relator term author.
Relationship aut
245 10 - TITLE STATEMENT
Title Síndrome metabólico en trabajadores de la Corporación Universitaria Rafael Núñez sede Cartagena (Colombia). 2021 /
Statement of responsibility, etc. Daniela Patricia Escorcia Montero; Katherine Gutiérrez García; Dayan del Carmen Cossío Mendoza; directora Zorayda Barrios Puerta.
260 ## - PUBLICATION, DISTRIBUTION, ETC.
Place of publication, distribution, etc. Cartagena de Indias :
Name of publisher, distributor, etc. Corporación Universitaria Rafael Núñez,
Date of publication, distribution, etc. 2021.
300 ## - PHYSICAL DESCRIPTION
Extent 117 hojas.
336 ## - CONTENT TYPE
Content type term text
Content type code txt
Source rdacontent
337 ## - MEDIA TYPE
Media type term unmediated
Media type code n
Source rdamedia
338 ## - CARRIER TYPE
Carrier type term volume
Carrier type code nc
Source rdacarrier
504 ## - BIBLIOGRAPHY, ETC. NOTE
Bibliography, etc. note Trabajo de grado (Enfermera). Corporación Universitaria Rafael Nuñez. Facultad de Ciencias de la Salud. Programa de Enfermería, 2021.
520 ## - SUMMARY, ETC.
Summary, etc. "Conjunto de factores de riesgo, como glucosa en plasma elevada en ayunas, dislipidemia aterogénica, presión arterial elevada y obesidad abdominal, en individuos susceptibles a enfermedad cardiovascular y diabetes mellitus tipo 2."
650 #0 - SUBJECT ADDED ENTRY--TOPICAL TERM
Topical term or geographic name entry element Enfermería
Form subdivision Tesis y disertaciones academicas.
700 1# - ADDED ENTRY--PERSONAL NAME
Personal name Katherine Gutiérrez García.
700 1# - ADDED ENTRY--PERSONAL NAME
Personal name Cossío Mendoza, Dayan del Carmen.
700 1# - ADDED ENTRY--PERSONAL NAME
Personal name Barrios Puerta, Zorayda,
Relator term directora.
856 ## - ELECTRONIC LOCATION AND ACCESS
Uniform Resource Identifier <a href="https://unicurn.sharepoint.com/:b:/s/biblioteca/EUvuoRXxzIxNtlSYSs3ec34Bcx7phB4ixXAbN1ynKrfSGA?e=lJX7Xt">https://unicurn.sharepoint.com/:b:/s/biblioteca/EUvuoRXxzIxNtlSYSs3ec34Bcx7phB4ixXAbN1ynKrfSGA?e=lJX7Xt</a>
Public note Click aqui para ver el recurso en texto completo
856 7# - ELECTRONIC LOCATION AND ACCESS
Public note Click aqui para ver el recurso en texto completo
942 ## - ADDED ENTRY ELEMENTS (KOHA)
Source of classification or shelving scheme Dewey Decimal Classification
Koha item type Trabajos de grado
Classification part ENF 2021
Item part E747
Existencias
Withdrawn status Lost status Source of classification or shelving scheme Damaged status Not for loan Collection Home library Current library Shelving location Date acquired Source of acquisition Cost, normal purchase price Inventory number Total checkouts Full call number Barcode Date last seen Price effective from Koha item type
    Dewey Decimal Classification     Trabajos de grado Miguel Henríquez Emiliani Miguel Henríquez Emiliani Trabajo de grado 06/01/2019 El autor 350000.00 023652   ENF 2021 E747 023652 06/20/2019 06/20/2019 Trabajos de grado